Catálogo

Vista normal Vista MARC

Entrada Personal Name

Número de registros utilizados en: 3

001 - CONTROL NUMBER

  • control field: 7108

003 - CONTROL NUMBER IDENTIFIER

  • control field: Mx-PuUPA

005 - DATE AND TIME OF LATEST TRANSACTION

  • control field: 20250115152852.0

008 - FIXED-LENGTH DATA ELEMENTS

  • fixed length control field: 960315n| acannaabn |a aaa

010 ## - LIBRARY OF CONGRESS CONTROL NUMBER

  • LC control number: 96025436

035 ## - SYSTEM CONTROL NUMBER

  • System control number: (OCoLC)oca04036487

040 ## - CATALOGING SOURCE

  • Original cataloging agency: DLC
  • Language of cataloging: spa
  • Transcribing agency: Mx-PuUPA
  • Modifying agency: OCoLC
  • Modifying agency: Mx-PuUPA
  • Description conventions: rda

046 ## - SPECIAL CODED DATES

  • Birth date: 19640204

100 1# - HEADING--PERSONAL NAME

  • Personal name: Gutiérrez Pulido, Humberto,
  • Dates associated with a name: 1964-

372 ## - FIELD OF ACTIVITY

  • Field of activity: Investigación

373 ## - ASSOCIATED GROUP

  • Associated group: Sección de Matemática Educativa Módulo V, tercer nivel
  • Linkage: hgutierr@cucei.udg.mx

374 ## - OCCUPATION

  • Occupation: Investigador

374 ## - OCCUPATION

  • Occupation: Autor

375 ## - GENDER

  • Gender: hombre

377 ## - ASSOCIATED LANGUAGE

  • Language code: spa
  • Source of code: MARc code list for languages

400 1# - SEE FROM TRACING--PERSONAL NAME

  • Personal name: Pulido, Humberto Gutiérrez
  • Dates associated with a name: 1964-

670 ## - SOURCE DATA FOUND

  • Source citation: His Control total de calidad, 1992:
  • Information found: t.p. (Humberto Gutiérrez Pulido)

670 ## - SOURCE DATA FOUND

  • Source citation: Biblioteca del congreso (Estados Unidos), 24 abril de 2018:
  • Information found: catálogo electrónico
  • Uniform Resource Identifier: https://goo.gl/mkKg68